[Event "Raskazovo"]
[Site "Raskazovo"]
[Date "2016.12.03"]
[Round "7"]
[White "Postypalskiy, Mihail"]
[Black "Kalinichev, Andrey"]
[Result "0-1"]
[WhiteElo "2398"]
[BlackElo "2424"]
[PlyCount "86"]
[EventDate "2016.11.29"]
[EventType "tourn"]
[EventRounds "9"]
[EventCountry "RUS"]
[EventCategory "3"]
[SourceTitle "EXT 2018"]
[Source "ChessBase"]
[SourceDate "2017.10.13"]
[SourceVersion "1"]
[SourceVersionDate "2017.10.13"]
[SourceQuality "1"]

1. d4 d5 2. c4 dxc4 3. Nc3 a6 4. e4 b5 5. a4 b4 6. Na2 Bb7 7. f3 e6 8. Bxc4 c5 9. Ne2 Nc6 10. Be3 Qb6 11. dxc5 Bxc5 12. Bxc5 Qxc5 13. Qc2 Rc8 14. b3 Nge7 15. Ng3 Ne5 16. Rc1 Qa5 17. Qe2 0-0 18. 0-0 Rfd8 19. Kh1 Qb6 20. Rfd1 Rxd1+ 21. Rxd1 Nxc4 22. bxc4 a5 23. Nf1 Ba6 24. Nd2 Nc6 25. Nc1 Ne5 26. Ncb3 Nxc4 27. Rc1 Qd8 28. g3 Nxd2 29. Rxc8 Qxc8 30. Qxd2 Qc7 31. g4 h6 32. Kg2 Qc6 33. Nxa5 Qxa4 34. Qd8+ Kh7 35. Qb6 Bb5 36. Kg3 b3 37. Nxb3 Qxb3 38. h4 Qb2 39. Qe3 Bf1 40. Qg1 Qe5+ 41. Kf2 Bd3 42. Qe1 Qh2+ 43. Ke3 Bb5 0-1

[Event "Raskazovo"]
[Site "Raskazovo"]
[Date "2016.12.02"]
[Round "5"]
[White "Zaitsev, Alexander"]
[Black "Kalinichev, Andrey"]
[Result "1-0"]
[WhiteElo "2506"]
[BlackElo "2424"]
[PlyCount "85"]
[EventDate "2016.11.29"]
[EventType "tourn"]
[EventRounds "9"]
[EventCountry "RUS"]
[EventCategory "3"]
[SourceTitle "EXT 2018"]
[Source "ChessBase"]
[SourceDate "2017.10.13"]
[SourceVersion "1"]
[SourceVersionDate "2017.10.13"]
[SourceQuality "1"]

1. e4 e5 2. Nf3 Nc6 3. Bc4 d6 4. c3 Be7 5. 0-0 Nf6 6. d3 0-0 7. Bb3 Na5 8. Bc2 c5 9. Nbd2 Nc6 10. Re1 Re8 11. Nf1 h6 12. h3 Bf8 13. Ng3 g6 14. d4 Bg7 15. Be3 b6 16. d5 Na5 17. Bd3 c4 18. Be2 b5 19. b4 Nb7 20. a4 Bd7 21. axb5 Bxb5 22. Bxa7 Qc7 23. Qc2 Bd7 24. Nd2 Bb5 25. Ra2 h5 26. Rea1 Bh6 27. Ngf1 Nd7 28. Ne3 Rec8 29. Ra3 Nb6 30. Qd1 Bxe3 31. Bxb6 Qxb6 32. Rxa8 Bxf2+ 33. Kh2 Qd8 34. Rxc8 Qxc8 35. Bxh5 gxh5 36. Qxh5 Be3 37. Nf1 Bb6 38. Ng3 Qf8 39. Nf5 Bd8 40. Nh6+ Kg7 41. Rf1 Bd7 42. Rf3 Qe7 43. Rg3+ 1-0

[Event "Tula Novikov Memorial"]
[Site "Tula"]
[Date "2014.07.30"]
[Round "11"]
[White "Yagubi, Asif"]
[Black "Kalinichev, Andrey"]
[Result "1/2-1/2"]
[WhiteElo "2380"]
[BlackElo "2420"]
[PlyCount "39"]
[EventDate "2014.07.21"]
[EventType "tourn"]
[EventRounds "13"]
[EventCountry "RUS"]
[EventCategory "6"]
[SourceTitle "EXT 2015"]
[Source "ChessBase"]
[SourceDate "2014.11.20"]
[SourceVersion "1"]
[SourceVersionDate "2014.11.20"]
[SourceQuality "1"]

1. e4 e5 2. Nc3 Nf6 3. f4 d5 4. fxe5 Nxe4 5. Nf3 Bc5 6. d4 Be7 7. Bd3 Bf5 8. Qe2 Nxc3 9. bxc3 Bxd3 10. cxd3 0-0 11. 0-0 Nc6 12. Rb1 b6 13. Qf2 Qd7 14. Qg3 Qe6 15. Nh4 Bxh4 16. Qxh4 f6 17. exf6 Rxf6 18. Rxf6 Qxf6 19. Qxf6 gxf6 20. Bf4 1/2-1/2

[Event "Tula Sinitsin Memorial"]
[Site "Tula"]
[Date "2014.04.08"]
[Round "13"]
[White "Kulicov, Oleg Anatolie"]
[Black "Kalinichev, Andrey"]
[Result "1/2-1/2"]
[WhiteElo "2451"]
[BlackElo "2414"]
[PlyCount "98"]
[EventDate "2014.03.31"]
[EventType "tourn"]
[EventRounds "13"]
[EventCountry "RUS"]
[EventCategory "6"]
[SourceTitle "EXT 2015"]
[Source "ChessBase"]
[SourceDate "2014.11.20"]
[SourceVersion "1"]
[SourceVersionDate "2014.11.20"]
[SourceQuality "1"]

1. d4 Nf6 2. Nf3 g6 3. c4 Bg7 4. g3 c6 5. Bg2 d5 6. 0-0 0-0 7. b3 Ne4 8. Bb2 a5 9. Nc3 Nxc3 10. Bxc3 b5 11. Rc1 Nd7 12. cxd5 cxd5 13. Qd2 b4 14. Bb2 e6 15. Rfd1 Ba6 16. Rc6 Bb7 17. Rc2 Qb6 18. Rdc1 Rfc8 19. e3 Qd6 20. Bf1 Rxc2 21. Rxc2 Rc8 22. Ne1 Rxc2 23. Qxc2 Qc6 24. Qxc6 Bxc6 25. f3 f5 26. Nd3 Kf7 27. Kf2 Bf8 28. h3 g5 29. f4 h6 30. Be2 Kg6 31. Ne5+ Nxe5 32. dxe5 gxf4 33. gxf4 Be7 34. Ba6 a4 35. Ke2 Be8 36. Kf2 Kg7 37. Be2 Bc6 38. Kf1 Kf7 39. Ba1 a3 40. Bd4 Ke8 41. Kf2 Kd7 42. Bf1 Kc7 43. Be2 Kb7 44. Bf1 Be8 45. Ke1 Kc6 46. Kd2 Bd8 47. Kd3 Kb5 48. Kd2+ Kc6 49. Be2 Bh4 1/2-1/2

[Event "Tula Sinitsin Memorial"]
[Site "Tula"]
[Date "2014.04.06"]
[Round "10"]
[White "Kalinichev, Andrey"]
[Black "Menshov, Vladimir"]
[Result "1-0"]
[WhiteElo "2414"]
[BlackElo "2352"]
[PlyCount "65"]
[EventDate "2014.03.31"]
[EventType "tourn"]
[EventRounds "13"]
[EventCountry "RUS"]
[EventCategory "6"]
[SourceTitle "EXT 2015"]
[Source "ChessBase"]
[SourceDate "2014.11.20"]
[SourceVersion "1"]
[SourceVersionDate "2014.11.20"]
[SourceQuality "1"]

1. e4 c5 2. Nf3 d6 3. d4 cxd4 4. Nxd4 Nf6 5. Nc3 a6 6. Be2 e6 7. 0-0 Be7 8. f4 Qc7 9. Kh1 Nc6 10. Be3 0-0 11. Qe1 Nxd4 12. Bxd4 b5 13. a3 Bb7 14. Qg3 g6 15. f5 e5 16. Be3 Rfc8 17. Bd3 Qd8 18. Rae1 Rxc3 19. bxc3 Nxe4 20. Bxe4 Bxe4 21. Bb6 Qxb6 22. Rxe4 d5 23. Rxe5 Bxa3 24. fxg6 hxg6 25. Qf3 Qb7 26. Rxd5 Bf8 27. Qd3 f5 28. Re1 Rc8 29. Rde5 Kh7 30. Re6 Qg7 31. R1e3 Rc7 32. Rh3+ Kg8 33. Rg3 1-0

[Event "Tula Sinitsin Memorial"]
[Site "Tula"]
[Date "2014.04.03"]
[Round "5"]
[White "Aghasiyev, Kamal"]
[Black "Kalinichev, Andrey"]
[Result "1/2-1/2"]
[WhiteElo "2381"]
[BlackElo "2414"]
[PlyCount "64"]
[EventDate "2014.03.31"]
[EventType "tourn"]
[EventRounds "13"]
[EventCountry "RUS"]
[EventCategory "6"]
[SourceTitle "EXT 2015"]
[Source "ChessBase"]
[SourceDate "2014.11.20"]
[SourceVersion "1"]
[SourceVersionDate "2014.11.20"]
[SourceQuality "1"]

1. e4 c5 2. Nf3 Nc6 3. d4 cxd4 4. Nxd4 Nf6 5. Nc3 d6 6. Bg5 e6 7. Qd2 a6 8. 0-0-0 Bd7 9. Qe1 Be7 10. Nxc6 Bxc6 11. e5 Nd5 12. Bxe7 Qxe7 13. Nxd5 Bxd5 14. c4 Bxc4 15. Bxc4 Rc8 16. exd6 Rxc4+ 17. Kb1 Qd7 18. Rc1 Rxc1+ 19. Qxc1 f6 20. Rd1 Kf7 21. Qe3 Rc8 22. g4 Qa4 23. Qe2 Rd8 24. a3 Rd7 25. h3 Qc6 26. Qd3 b5 27. f4 g6 28. Ka2 Qd5+ 29. Qb3 Qc6 30. Qd3 Qd5+ 31. Qb3 Qc6 32. Qd3 Qd5+ 1/2-1/2

[Event "Tula Sinitsin Memorial"]
[Site "Tula"]
[Date "2014.04.03"]
[Round "6"]
[White "Kalinichev, Andrey"]
[Black "Sevdimaliyev, Urfan"]
[Result "0-1"]
[WhiteElo "2414"]
[BlackElo "2271"]
[PlyCount "98"]
[EventDate "2014.03.31"]
[EventType "tourn"]
[EventRounds "13"]
[EventCountry "RUS"]
[EventCategory "6"]
[SourceTitle "EXT 2015"]
[Source "ChessBase"]
[SourceDate "2014.11.20"]
[SourceVersion "1"]
[SourceVersionDate "2014.11.20"]
[SourceQuality "1"]

1. e4 e5 2. Nf3 Nc6 3. Bb5 a6 4. Ba4 Nf6 5. 0-0 Nxe4 6. d4 b5 7. Bb3 d5 8. dxe5 Be6 9. Be3 Be7 10. c3 Qd7 11. Nbd2 Rd8 12. Nxe4 dxe4 13. Qxd7+ Bxd7 14. Ng5 Nxe5 15. Bd4 Bxg5 16. Bxe5 0-0 17. Bxc7 Rc8 18. Bb6 Rfe8 19. Rfe1 h5 20. Bd4 Bc6 21. g3 h4 22. Re2 Rcd8 23. a3 Rd7 24. Rd1 Rd6 25. Kf1 a5 26. Bc2 b4 27. a4 bxc3 28. gxh4 cxb2 29. hxg5 Bxa4 30. Bxa4 Rxd4 31. Rxb2 Rxa4 32. Ke2 Ra3 33. h4 e3 34. f4 g6 35. Rd7 Ra4 36. Kf3 e2 37. Rxe2 Rxe2 38. Kxe2 Rxf4 39. Ra7 a4 40. Ke3 Rxh4 41. Kf3 Kg7 42. Kg3 Rb4 43. Kf3 Rb3+ 44. Kf4 Ra3 45. Ke4 Ra1 46. Kd3 a3 47. Kc2 a2 48. Kb3 Rb1+ 49. Kxa2 Rb5 0-1

[Event "Tula Sinitsin Memorial"]
[Site "Tula"]
[Date "2014.04.01"]
[Round "3"]
[White "Arakeljan, Armen M"]
[Black "Kalinichev, Andrey"]
[Result "0-1"]
[WhiteElo "2325"]
[BlackElo "2414"]
[PlyCount "76"]
[EventDate "2014.03.31"]
[EventType "tourn"]
[EventRounds "13"]
[EventCountry "RUS"]
[EventCategory "6"]
[SourceTitle "EXT 2015"]
[Source "ChessBase"]
[SourceDate "2014.11.20"]
[SourceVersion "1"]
[SourceVersionDate "2014.11.20"]
[SourceQuality "1"]

1. e4 c5 2. Nf3 Nc6 3. d4 cxd4 4. Nxd4 g6 5. Nc3 Bg7 6. Nb3 Nf6 7. Be2 0-0 8. 0-0 d6 9. Re1 a5 10. a4 Be6 11. Bf1 Bxb3 12. cxb3 e6 13. Bc4 Nb4 14. Bf4 d5 15. exd5 Nfxd5 16. Qf3 Nxf4 17. Qxf4 Qe7 18. Rad1 Rfd8 19. Qe4 Rac8 20. g3 h5 21. Kg2 Nc6 22. h3 Bf6 23. Bb5 h4 24. gxh4 Bxh4 25. Bxc6 bxc6 26. Qf4 Bf6 27. Rxd8+ Rxd8 28. Rd1 c5 29. Rxd8+ Qxd8 30. Qe3 Qb6 31. Ne4 Bd4 32. Qg3 Qb7 33. Qf3 Qd5 34. Kg1 Bxb2 35. h4 Be5 36. Kg2 Kg7 37. Ng5 Bf6 38. Ne4 Bxh4 0-1

[Event "Bogoroditsk 03"]
[Site "Bogoroditsk"]
[Date "2011.03.30"]
[Round "13"]
[White "Stepanov, Alexander M"]
[Black "Kalinichev, Andrey"]
[Result "0-1"]
[WhiteElo "2264"]
[BlackElo "2411"]
[PlyCount "76"]
[EventDate "2011.03.20"]
[EventType "tourn"]
[EventRounds "13"]
[EventCountry "RUS"]
[EventCategory "5"]
[SourceTitle "EXT 2012"]
[Source "ChessBase"]
[SourceDate "2011.11.24"]
[SourceVersion "1"]
[SourceVersionDate "2011.11.24"]
[SourceQuality "1"]

1. e4 e5 2. Nf3 Nc6 3. Bb5 a6 4. Ba4 Nf6 5. 0-0 Be7 6. Re1 b5 7. Bb3 d6 8. c3 0-0 9. d3 Na5 10. Bc2 c5 11. Nbd2 Qc7 12. Nf1 h6 13. h3 Be6 14. Ne3 Rad8 15. Nf5 Bxf5 16. exf5 Nc6 17. d4 exd4 18. cxd4 d5 19. Be3 Rfe8 20. Rc1 c4 21. a4 Bd6 22. Ra1 Ne4 23. Qc1 b4 24. Rd1 c3 25. Bd3 Na5 26. bxc3 Nxc3 27. Bxa6 Rb8 28. Bd3 Nxd1 29. Qxd1 Nc4 30. Rb1 Nxe3 31. fxe3 Rxe3 32. Qd2 Rbe8 33. Bb5 R8e7 34. f6 gxf6 35. Bf1 Qc3 36. Qxc3 bxc3 37. a5 c2 38. Rc1 Rc3 0-1

[Event "Bogoroditsk 03"]
[Site "Bogoroditsk"]
[Date "2011.03.28"]
[Round "11"]
[White "Sosulin, Eduard"]
[Black "Kalinichev, Andrey"]
[Result "1-0"]
[WhiteElo "2325"]
[BlackElo "2411"]
[PlyCount "79"]
[EventDate "2011.03.20"]
[EventType "tourn"]
[EventRounds "13"]
[EventCountry "RUS"]
[EventCategory "5"]
[SourceTitle "EXT 2012"]
[Source "ChessBase"]
[SourceDate "2011.11.24"]
[SourceVersion "1"]
[SourceVersionDate "2011.11.24"]
[SourceQuality "1"]

1. e4 Nf6 2. e5 Nd5 3. Nc3 Nxc3 4. dxc3 Nc6 5. Nf3 d6 6. exd6 exd6 7. Be3 Be7 8. Qd2 0-0 9. 0-0-0 Bg4 10. h3 Bxf3 11. gxf3 Qd7 12. Rg1 Bf6 13. f4 a5 14. Bg2 Rfe8 15. Qd3 a4 16. a3 Na5 17. Be4 h6 18. Bf5 Qe7 19. Qb5 c5 20. Qxa4 Reb8 21. Qb5 Nc6 22. Qd3 Rd8 23. Qd5 Bxc3 24. bxc3 Qf6 25. Rg6 Qxc3 26. Rdg1 Qxa3+ 27. Kd2 Qa5+ 28. Ke2 Qc3 29. Be4 Re8 30. Rxg7+ Qxg7 31. Rxg7+ Kxg7 32. Qf5 Ra4 33. Qh7+ Kf6 34. Bd5 Rf8 35. Qxh6+ Ke7 36. f5 Raa8 37. Bxf7 Kxf7 38. Qe6+ Kg7 39. Qg6+ Kh8 40. f6 1-0

[Event "Bogoroditsk 03"]
[Site "Bogoroditsk"]
[Date "2011.03.22"]
[Round "3"]
[White "Kalinichev, Andrey"]
[Black "Ibrahimov, Rasul"]
[Result "1/2-1/2"]
[WhiteElo "2411"]
[BlackElo "2526"]
[PlyCount "60"]
[EventDate "2011.03.20"]
[EventType "tourn"]
[EventRounds "13"]
[EventCountry "RUS"]
[EventCategory "5"]
[SourceTitle "EXT 2012"]
[Source "ChessBase"]
[SourceDate "2011.11.24"]
[SourceVersion "1"]
[SourceVersionDate "2011.11.24"]
[SourceQuality "1"]

1. d4 Nf6 2. c4 g6 3. Nc3 d5 4. Nf3 Bg7 5. Qb3 dxc4 6. Qxc4 0-0 7. e4 Bg4 8. Be3 Nfd7 9. Qb3 Nb6 10. Rd1 Bxf3 11. gxf3 e6 12. h4 Nc6 13. e5 h5 14. Bg2 Ne7 15. Bg5 Qd7 16. f4 c6 17. Ne4 Nf5 18. 0-0 Qc7 19. Ng3 Bh6 20. Nxf5 Bxg5 21. fxg5 exf5 22. Rfe1 Rfe8 23. e6 Rad8 24. d5 Nxd5 25. Bxd5 Rxd5 26. Rxd5 cxd5 27. exf7+ Qxf7 28. Rxe8+ Qxe8 29. Qxd5+ Qf7 30. Qd6 Qe8 1/2-1/2

[Event "Kimovsk"]
[Site "Kimovsk"]
[Date "2011.02.20"]
[Round "3"]
[White "Kalinichev, Andrey"]
[Black "Novikov, Maxim"]
[Result "1/2-1/2"]
[WhiteElo "2407"]
[BlackElo "2505"]
[PlyCount "62"]
[EventDate "2011.02.19"]
[EventType "tourn"]
[EventRounds "9"]
[EventCountry "RUS"]
[EventCategory "7"]
[SourceTitle "CBM 141 Extra"]
[Source "ChessBase"]
[SourceDate "2011.05.03"]
[SourceVersion "1"]
[SourceVersionDate "2011.05.03"]
[SourceQuality "1"]

1. e4 e5 2. Nf3 Nf6 3. Nxe5 d6 4. Nf3 Nxe4 5. d4 d5 6. Bd3 Bd6 7. c4 c6 8. 0-0 0-0 9. Nc3 Nxc3 10. bxc3 Bg4 11. cxd5 cxd5 12. Rb1 b6 13. h3 Bh5 14. Re1 Nc6 15. Qa4 Rc8 16. Ne5 Re8 17. Bf4 Qf6 18. Bg3 Bxe5 19. dxe5 Qe6 20. Ba6 Rc7 21. Bf4 Nb8 22. Bb5 Rec8 23. Rbc1 a6 24. Bxa6 Nxa6 25. Qxa6 Rc6 26. a4 Re8 27. Qb5 Rc5 28. Qb3 Rc4 29. Bd2 d4 30. Qb5 d3 31. Rb1 Rc6 1/2-1/2

[Event "Kireevsk"]
[Site "Kireevsk"]
[Date "2011.02.03"]
[Round "6"]
[White "Simantsev, Mikhail"]
[Black "Kalinichev, Andrey"]
[Result "1/2-1/2"]
[WhiteElo "2556"]
[BlackElo "2407"]
[PlyCount "88"]
[EventDate "2011.02.01"]
[EventType "tourn"]
[EventRounds "13"]
[EventCountry "RUS"]
[EventCategory "6"]
[SourceTitle "CBM 141 Extra"]
[Source "ChessBase"]
[SourceDate "2011.05.03"]
[SourceVersion "1"]
[SourceVersionDate "2011.05.03"]
[SourceQuality "1"]

1. e4 e5 2. Nf3 Nc6 3. Bb5 Nd4 4. Nxd4 exd4 5. Bc4 c6 6. 0-0 d5 7. exd5 cxd5 8. Bb5+ Bd7 9. Qe2+ Be7 10. b3 Nh6 11. Bb2 Nf5 12. Bd3 0-0 13. Qf3 Qc8 14. Qxd5 Bf6 15. Na3 g6 16. Qf3 Bc6 17. Bxf5 Qxf5 18. Qxf5 gxf5 19. Nc4 Rad8 20. Ba3 Rfe8 21. Rae1 Re6 22. f4 Rde8 23. Kf2 Rxe1 24. Rxe1 Rxe1 25. Kxe1 Bxg2 26. Ne5 Bd5 27. Ke2 Bxe5 28. fxe5 Kg7 29. Bc5 a6 30. Bxd4 f4 31. c4 Be4 32. d3 Bf5 33. Kd2 h5 34. Bf2 Kg6 35. d4 Bc8 36. Kc3 Kf5 37. Kd3 b5 38. Bh4 Kg4 39. Bf6 Bf5+ 40. Ke2 bxc4 41. bxc4 Bb1 42. a3 Ba2 43. c5 Bd5 44. Kf2 Kf5 1/2-1/2

[Event "Kireevsk"]
[Site "Kireevsk"]
[Date "2011.02.02"]
[Round "4"]
[White "Abbasifar, Hasan"]
[Black "Kalinichev, Andrey"]
[Result "1/2-1/2"]
[WhiteElo "2411"]
[BlackElo "2407"]
[PlyCount "66"]
[EventDate "2011.02.01"]
[EventType "tourn"]
[EventRounds "13"]
[EventCountry "RUS"]
[EventCategory "6"]
[SourceTitle "CBM 141 Extra"]
[Source "ChessBase"]
[SourceDate "2011.05.03"]
[SourceVersion "1"]
[SourceVersionDate "2011.05.03"]
[SourceQuality "1"]

1. c4 e5 2. Nc3 Nf6 3. Nf3 Nc6 4. g3 Bb4 5. Bg2 0-0 6. 0-0 Re8 7. Nd5 Nxd5 8. cxd5 Nd4 9. Ne1 d6 10. e3 Nf5 11. Nc2 Bc5 12. d4 Bb6 13. b3 Bd7 14. Bb2 e4 15. Na3 Qe7 16. Nc4 h6 17. Rc1 Rac8 18. Nd2 Ba5 19. a3 Bxd2 20. Qxd2 Bb5 21. Rfe1 Bd3 22. Bh3 Qg5 23. Qd1 h5 24. Rc3 Ba6 25. Qc2 h4 26. Rxc7 Rxc7 27. Qxc7 hxg3 28. hxg3 Nxg3 29. Qd7 Nh5+ 30. Kh2 Rd8 31. Qc7 Qh4 32. Kg2 Qg5+ 33. Kh2 Qh4 1/2-1/2

[Event "Moscow 07"]
[Site "Moscow"]
[Date "2009.07.14"]
[Round "2"]
[White "Kalinichev, Andrey"]
[Black "Nagibin, George"]
[Result "1/2-1/2"]
[WhiteElo "2405"]
[BlackElo "2392"]
[PlyCount "29"]
[EventDate "2009.07.13"]
[EventType "tourn"]
[EventRounds "11"]
[EventCountry "RUS"]
[EventCategory "7"]
[SourceTitle "CBM 131 Extra"]
[Source "ChessBase"]
[SourceDate "2009.09.03"]
[SourceVersion "2"]
[SourceVersionDate "2009.09.16"]
[SourceQuality "1"]

1. d4 Nf6 2. Bg5 Ne4 3. Bf4 d5 4. e3 c6 5. Bd3 Qb6 6. Qc1 Bf5 7. f3 Qa5+ 8. c3 Nd6 9. Bxf5 Nxf5 10. e4 dxe4 11. fxe4 Nh4 12. Bg3 g5 13. Qd2 Nd7 14. Nh3 f6 15. 0-0 1/2-1/2

[Event "Tula Kotov Memorial"]
[Site "Tula"]
[Date "2008.01.09"]
[Round "8"]
[White "Kalinichev, Andrey"]
[Black "Zubarev, Alexander2"]
[Result "1/2-1/2"]
[WhiteElo "2403"]
[BlackElo "2491"]
[PlyCount "27"]
[EventDate "2008.01.02"]
[EventType "tourn"]
[EventRounds "9"]
[EventCountry "RUS"]
[EventCategory "9"]
[SourceTitle "CBM 122 Extra"]
[Source "ChessBase"]
[SourceDate "2008.03.04"]
[SourceVersion "1"]
[SourceVersionDate "2008.03.04"]
[SourceQuality "1"]

1. d4 d5 2. c4 e6 3. Nc3 Nf6 4. cxd5 exd5 5. Bg5 Nbd7 6. e3 Bb4 7. Bd3 c5 8. dxc5 Bxc3+ 9. bxc3 Qa5 10. Ne2 0-0 11. 0-0 h6 12. Bxf6 Nxf6 13. Qb3 Qxc5 14. Qb4 1/2-1/2

[Event "Tula Kotov Memorial"]
[Site "Tula"]
[Date "2008.01.04"]
[Round "3"]
[White "Aveskulov, Valeriy"]
[Black "Kalinichev, Andrey"]
[Result "1-0"]
[WhiteElo "2532"]
[BlackElo "2403"]
[PlyCount "97"]
[EventDate "2008.01.02"]
[EventType "tourn"]
[EventRounds "9"]
[EventCountry "RUS"]
[EventCategory "9"]
[SourceTitle "CBM 122 Extra"]
[Source "ChessBase"]
[SourceDate "2008.03.04"]
[SourceVersion "1"]
[SourceVersionDate "2008.03.04"]
[SourceQuality "1"]

1. e4 e5 2. Nf3 d5 3. exd5 e4 4. Qe2 Nf6 5. d3 Qxd5 6. Nbd2 Nc6 7. dxe4 Qh5 8. Qb5 Bc5 9. Nb3 Nxe4 10. Be3 Bb4+ 11. c3 Qxb5 12. Bxb5 Bd6 13. Na5 a6 14. Bxc6+ bxc6 15. Nxc6 Bd7 16. Na5 Rb8 17. Nc4 Be7 18. 0-0-0 Be6 19. Na5 Bxa2 20. Nc6 Ra8 21. Rhe1 Bd6 22. Nfd4 0-0 23. b3 a5 24. Kb2 a4 25. f3 Nxc3 26. Kxc3 axb3 27. Nf5 Ba3 28. Bc1 Bc5 29. Re5 Bb6 30. Kb2 h6 31. Be3 Bxe3 32. Rxe3 Ra4 33. Rd4 Ra6 34. Rd7 Rfa8 35. Rxc7 Ra4 36. Re4 Rxe4 37. fxe4 Ra4 38. Nd6 f5 39. Ne7+ Kh8 40. Nexf5 g6 41. Nf7+ Kg8 42. N7xh6+ Kh8 43. Nh4 Ra6 44. e5 g5 45. Nf7+ Kg8 46. Nxg5 Ra5 47. Nf5 Ra8 48. Rg7+ Kf8 49. Ne6+ 1-0